Estadísticas para Cuerpo Humano por Letra - D

Haz click aquí para intentar la prueba.

Estadísticas generales

  • Esta prueba ha sido intentada 110 veces
  • La puntuación promedio es 9 de 15

Estadísticas de respuestas

DefiniciónRespuesta% Correcto
Estructuras duras y calcificadas en la boca que se utilizan para masticar los alimentos.Dientes
100%
Enfermedad metabólica crónica caracterizada por niveles elevados de glucosa en sangreDiabetes
94%
Afección en la que una persona tiene un cromosoma extra.Síndrome de {Down}
88%
Músculo delgado ubicado debajo de los pulmones, encargado de la respiración.Diafragma
87%
Proceso en el que se identifica una enfermedad, afección o lesión por sus signos y síntomas.Diagnóstico
82%
Principal gas de efecto invernadero que se emite a raíz de las actividades del ser humano.Dióxido de Carbono
79%
Proceso por el cual un alimento es transformado en una sustancia que el organismo asimila.Digestión
76%
Lesión o daño que se produce cuando un hueso se sale de su articulación.Dislocación
73%
Parte del intestino delgado que está comprendida entre el final del estómago y el yeyuno.Duodeno
57%
El mensajero cerebral del placer, la motivación y el movimiento.Dopamina
53%
Músculo triangular que cubre la parte superior del brazo y la articulación del hombroDeltoides
48%
Señal del sistema nervioso de que algo no anda bienDolor
36%
Célula del páncreas endocrino que secreta somatostatina.Delta
11%
Método curativo o terapéutico que se emplea para restituir el ritmo normal y coordinado de los latidos del corazón.Desfibrilación
9%
Degeneración o desarrollo defectuoso de un órgano o tejido.Distrofia
6%

Distribución de puntuación

Porcentaje por número respondido

Porcentaje de gente con cada puntuación

Historial de tus puntuaciones

No has intentado esta prueba.